Liste des Présidents de l'Assemblée nationale du Québec - Statistiques

Statistiques générales
  • Ce quiz a été pris 5 fois
  • Le résultat moyen est 10 sur 46
Statistiques - réponses
Hint Réponse % Correct
2022 - Nathalie Roy
100%
1907 - 1909 Philippe-Honoré Roy
100%
2008 - 2009 François Gendron
75%
2011 - 2018 Jacques Chagnon
75%
1980 - 1983 Claude Vaillancourt
50%
1976 - 1980 Clément Richard
50%
2018 - 2022 François Paradis
50%
1970 - 1976 Jean-Noël Lavoie
50%
1996 - 2002 Jean-Pierre Charbonneau
50%
2002 - 2003 Louise Harel
50%
2003 - 2008 Michel Bissonnet
50%
1983 - 1985 Richard Guay
50%
1994 - 1996 Roger Bertrand
50%
1878 - 1882 Arthur Turcotte
25%
1940 - 1942 Bernard Bissonnette
25%
1909 - 1912 Jean-Marie-Joseph-Pantaléon Pelletier
25%
1882 - 1884 Louis-Olivier Taillon
25%
1982 - 1897 Pierre-Évariste Leblanc
25%
1875 - 1876 Pierre Fortin
25%
1945 - 1955 Alexandre Taché
0%
1916 - 1919 Antonin Galipeault
0%
1905 - 1905 Auguste Tessier
0%
1943 - 1945 Cyrille Dumaine
0%
1912 - 1916 Cyrille Fraser Delâge
0%
1887 - 1892 Félix-Gabriel Marchand
0%
1968 - 1970 Gérard Lebel
0%
1965 - 1966 Guy Lechasseur
0%
1928 - 1930 Hector Laferté
0%
1901 - 1905 Henri-Benjamin Rainvile
0%
1989 - 1994 Jean-Pierre Saintonge
0%
1962 - 1965 John Richard Hyde
0%
1884 - 1887 Jonathan Saxton Campbell Würtele
0%
1867 - 1875 Joseph-Godéric Blanchet
0%
1919 - 1928 Jospeh-Napoléon Francœur
0%
1897 - 1901 Jules Tessier
0%
1876 - 1878 Louis Beaubien
0%
1960 - 1962 Lucien Cliche
0%
1936 - 1936 Lucien Dugas
0%
1955 - 1960 Maurice Tellier
0%
1936 - 1940 Paul Sauvé
0%
1985 - 1989 Pierre Lorrain
0%
1966 - 1968 Rémi Paul
0%
1930 - 1936 Télesphore-Damien Bouchard
0%
1942 - 1943 Valmore Bienvenue
0%
1905 - 1907 William Alexandre Weir
0%
2009 - 2011 Yvon Vallières
0%
Aucun quiz correspondant
Distribution des résultats
% des personnes avec chaque résultat
Percentile par nombre de réponses
Votre historique - résultats
Vous n’avez pas pris ce quiz